|
|
|
|
| LEADER |
00000nab a2200000 a 4500 |
| 001 |
vtls000663205 |
| 003 |
SK-MaSNL |
| 005 |
20260304090519.0 |
| 008 |
250425c1998 xo 0 slo |
| 015 |
|
|
|a SNBRB1998/05-13458
|
| 035 |
|
|
|a CLN000015392
|
| 035 |
|
|
|a urn:nbn:sk:snk-ab7jy2
|
| 035 |
|
|
|a (urnnbn)urn:nbn:sk:snk:ar-005z7s
|
| 035 |
|
|
|a (uuid)6e9a87ee-97e4-46ac-99d9-1128c285736f
|
| 040 |
|
|
|a SNKBUCL
|b slo
|c SNKBUCL
|e AACR2
|
| 041 |
0 |
|
|a slo
|
| 044 |
|
|
|a xo
|c SK
|
| 080 |
|
|
|a 179.2
|2 1997
|
| 100 |
1 |
|
|a Vlčková, Mária
|4 aut
|9 320188
|
| 245 |
1 |
0 |
|a Problematika týrania detí
|c Mária Vlčková
|
| 504 |
|
|
|a Res. angl. Bibliogr. odkazy
|
| 650 |
0 |
7 |
|a deti
|x týranie
|x následky
|2 snkbucl
|9 1381689
|
| 650 |
0 |
7 |
|a týrané deti
|2 snkbucl
|9 60096
|
| 655 |
|
7 |
|a články z novín a časopisov
|2 snkbucl
|9 267496
|
| 773 |
0 |
|
|t Pedagogická revue
|g Roč. 50, č. 2 (1998), s. 135-143
|x 1335-1982
|
| 850 |
|
|
|a Slovenská národná knižnica
|
| 852 |
|
|
|a Slovenská národná knižnica
|
| 954 |
|
|
|a odborná, vedecká literatúra pôvodná (slovenská)
|2 lita
|
| 958 |
|
|
|a article7
|
| 958 |
|
|
|a SK
|
| 958 |
|
|
|a NB
|
| 958 |
|
|
|a OND
|
| 958 |
|
|
|a EUIPO
|
| 992 |
|
|
|a RBX
|
| 999 |
|
|
|c 2811692
|d 2813622
|